Normal view MARC view
  • Paenza, Adrián,

Entry Nombre Personal

Number of records used in: 1

001 - NUMERO DE CONTROL

  • campo de control: 45865

003 - IDENTIFICADOR DE NUMERO DE CONTROL

  • campo de control: UPN

005 - FECHA Y HORA DE LA ÜLTIMA TRANSACCIÓN

  • campo de control: 20220818164053.0

008 - DATOS DE LONGITUD FIJA

  • campo de control de longitud fija: 220818nn acannaabn n ana d

040 ## - FUENTE DE CATALOGACIÓN

  • Agencia original de catalogación: UPN

100 1# - ENCABEZAMIENTO - NOMBRE PERSONAL

  • Nombre personal: Paenza, Adrián,
  • Fechas asociadas con el nombre: 1949-

400 1# - VEÁSE - NOMBRE DE PERSONA

  • Personal name: Paenza, Adrián Arnoldo,
  • Dates associated with a name: 1949-

670 ## - FUENTE EN LA QUE SE LOCALIZARON DATOS

  • Cita de la fuente: LC

680 ## - NOTA PUBLICA DE ACCESO PÚBLICO

  • Frase explicativa de la referencia: Matemático, profesor y periodista argentino